000 01261nam0a2200325 4500
001 RU\NLR\bibl\965426
005 20250614205431.0
010 _a5-8459-0948-1
_92000
021 _aRU
_b2006-35066
_91753
035 _a(NLR Aleph) 000953430
090 _a294186
_c294186
100 _a20060706d2006 |||y0rusy50 ca
101 1 _arus
_ceng
102 _aRU
105 _aa |||||||||
200 1 _aИспользование Adobe Photoshop и Illustrator
_eспециальное издание
_fПитер Бойер
_g[пер. с англ. и ред. П. А. Минько]
210 _aМосква
_cВильямс
_d2006
215 _a1300 с., [8] л. цв. ил.
_cил.
_d24
_e1 электрон. опт. диск (CD-ROM)
313 _aОписание программ
320 _aПредм. указ.: с. 1288-1300
606 1 _aADOBE PHOTOSHOP, графический редактор
_91993017
_3RU\NLR\auth\66915208
606 1 _aADOBE ILLUSTRATOR, графический редактор
_92170480
_3RU\NLR\auth\661305671
686 _aЗ973.23-018.3
700 1 _aБойер
_bП.
_gПитер
_4070
801 0 _aRU
_bNLR
_c20060706
_grcr
801 1 _aRU
_bNLR
_c20060706
942 _cBOOK
980 _aNB